Human Anatomy and Physiology Practical Notebook (Record no. 8714)
[ view plain ]
| 000 -LEADER | |
|---|---|
| fixed length control field | 01133nam a22001697a 4500 |
| 003 - CONTROL NUMBER IDENTIFIER | |
| control field | OSt |
| 008 - FIXED-LENGTH DATA ELEMENTS--GENERAL INFORMATION | |
| fixed length control field | 200707b ||||| |||| 00| 0 eng d |
| 020 ## - INTERNATIONAL STANDARD BOOK NUMBER | |
| International Standard Book Number | 9788123914275 |
| 100 ## - MAIN ENTRY--PERSONAL NAME | |
| Personal name | Pandey, S.K. & Sharma, Varun Dutt |
| 245 ## - TITLE STATEMENT | |
| Title | Human Anatomy and Physiology Practical Notebook |
| 250 ## - EDITION STATEMENT | |
| Edition statement | 2019 |
| 260 ## - PUBLICATION, DISTRIBUTION, ETC. (IMPRINT) | |
| Place of publication, distribution, etc | New Delhi |
| Name of publisher, distributor, etc | CBS Publishers & Distributors Pvt. Ltd. |
| 300 ## - PHYSICAL DESCRIPTION | |
| Extent | Pg. 81 |
| 500 ## - GENERAL NOTE | |
| General note | The ultimate objective of technical education is to develop relevant skills, creativity. and competence among the students so as to enable them to perform the tasks effectively and efficiently later in the world of work. To achieve the above goal and to reduce the writing workload of the students, this Practical Notebook on Human Anatomy and Physiology for First Year Diploma in Pharmacy has been written according to new syllabus as prescribed by Pharmacy Council of India, Education Regulation, 1991. This Practical Notebook contains experiments.Left hand side page of every experiment has been left blank for making diagrams, writing calculations and observations. |
| 650 ## - SUBJECT ADDED ENTRY--TOPICAL TERM | |
| Topical term or geographic name as entry element | Human Anatomy and Physiology |
| 942 ## - ADDED ENTRY ELEMENTS (KOHA) | |
| Source of classification or shelving scheme | Dewey Decimal Classification |
| Koha item type | Text Books |
| Withdrawn status | Lost status | Source of classification or shelving scheme | Damaged status | Not for loan | Collection code | Home library | Current library | Date acquired | Source of acquisition | Currency | Cost, normal purchase price | Bill Number | Total Checkouts | Full call number | Acc. no. / Barcode | Date last seen | Actual Cost, discounted price | Bill Date | Koha item type |
|---|---|---|---|---|---|---|---|---|---|---|---|---|---|---|---|---|---|---|---|
| Dewey Decimal Classification | B.Pharma | PIET C-LIBRARY | PIET C-LIBRARY | 01/02/2020 | Kirti Prakashan | IN Rupees | 375.00 | IN6239 | 611 SHH | BP736 | 07/07/2020 | 241.88 | 01/02/2020 | Text Books | |||||
| Dewey Decimal Classification | B.Pharma | PIET C-LIBRARY | PIET C-LIBRARY | 01/02/2020 | Kirti Prakashan | IN Rupees | 375.00 | IN6239 | 611 SHH | BP737 | 07/07/2020 | 241.88 | 01/02/2020 | Reference Books |